000 00468nam a2200169Ia 4500
001 9493
003 GE_BSU
008 181216s||||||||xx |||||||||||||| ||und||
040 _cGE_BSU
245 _aInternational Political Science Review. volume 35, number 2, March 2014
245 _cGenaral Editors Marian Sawer and Mark Kesselman
260 _aNew Jersey
260 _c2014
300 _a260p.25cm.
653 _aInternational Political Science Review
942 _cCR
999 _c42787
_d42787